000 00355 a2200157 4500
001 62258
020 _a1855012995
040 _cAnchieta - Pituba
100 _aRaffin, Patrizia
240 1 0 _aUnited States of America
_lpor
245 1 0 _aUnited States of America
300 _a128
362 0 _a1993
650 4 _aInglês e inglês antigo
942 _cBK
999 _c62258
_d62258